Auteurs français du XIXe siècle par dates - Statistiques

Statistiques générales
  • Ce quiz a été pris 15 fois
  • Le résultat moyen est 3 sur 20
Statistiques - réponses
Hint Réponse % Correct
Victor Hugo 1802-1885
91%
Honoré de Balzac 1799-1850
55%
Arthur Rimbaud 1854-1891
36%
François-René de Chateaubriand 1768-1848
27%
George Sand 1804-1876
27%
Alexandre Dumas 1802-1870
18%
Charles Baudelaire 1821-1867
18%
Stendhal 1783-1842
9%
Théophile Gautier 1811-1872
9%
Gustave Flaubert 1821-1880
9%
Alphonse Daudet 1840-1897
9%
Emile Zola 1840-1902
9%
Guy de Maupassant 1850-1893
9%
Jules Renard 1864-1910
9%
Alphonse de Lamartine 1790-1969
0%
Alfred de Musset 1810-1857
0%
Jules Verne 1828-1905
0%
Stéphane Mallarmé 1842-1898
0%
Paul Verlaine 1844-1896
0%
Anatole France 1844-1924
0%
Aucun quiz correspondant
Distribution des résultats
% des personnes avec chaque résultat
Percentile par nombre de réponses
Votre historique - résultats
Vous n’avez pas pris ce quiz